TOP 100 największych miast w II Rzeczpospolitej w 1931 roku - Statystyki

Ogólne statystyki
  • Ten quiz został rozwiązany 103 razy
  • Średni wynik to 52 z 100
Statystyki odpowiedzi
Numer Liczba mieszkańców Województwo Miasto % Poprawnych
5 221 260 krakowskie Kraków
100%
2 605 467 łódzkie Łódź
100%
3 316 177 lwowskie Lwów
100%
4 246 698 poznańskie Poznań
100%
1 1 178 914 M. st. Warszawa Warszawa
100%
6 196 383 wileńskie Wilno
100%
16 58 397 kieleckie Kielce
97%
10 112 539 lubelskie Lublin
97%
12 91 335 białostockie Białystok
95%
9 117 528 poznańskie Bydgoszcz
95%
19 54 280 pomorskie Toruń
95%
7 127 044 śląskie Katowice
93%
43 30 210 pomorskie Gdynia
84%
8 117 588 kieleckie Częstochowa
83%
14 78 073 kieleckie Radom
83%
11 109 454 kieleckie Sosnowiec
79%
27 45 235 krakowskie Tarnów
79%
23 49 932 białostockie Grodno
78%
36 32 777 warszawskie Płock
78%
47 27 499 lwowskie Rzeszów
76%
63 22 573 śląskie Bielsko
74%
44 29 924 poznańskie Gniezno
74%
18 55 125 łódzkie Kalisz
74%
42 30 278 krakowskie Nowy Sącz
74%
20 51 379 lwowskie Przemyśl
74%
15 60 256 stanisławowski Stanisławów
74%
45 29 222 lubelskie Chełm
72%
53 24 273 lubelskie Zamość
72%
61 22 891 krakowskie Biała
69%
21 51 294 łódzkie Piotrków
69%
31 36 987 kieleckie Dąbrowa Górnicza
67%
73 19 258 poznańskie Leszno
67%
51 25 065 białostockie Łomża
67%
66 21 957 białostockie Suwałki
67%
22 50 405 pomorskie Grudziądz
64%
49 25 983 kieleckie Ostrowiec
64%
17 56 277 warszawskie Włocławek
60%
96 13 438 białostockie Ostrołęka
59%
56 23 046 śląskie Rybnik
59%
33 35 831 tarnopolskie Tarnopol
59%
48 26 646 łódzkie Zgierz
57%
26 45 614 łódzkie Pabianice
55%
54 23 703 warszawskie Pruszków
55%
34 35 737 wołyńskie Łuck
53%
71 19 555 poznańskie Ostrów Wielkopolski
53%
68 20 191 warszawskie Skierniewice
53%
62 22 728 pomorskie Tczew
53%
81 17 549 lubelskie Biała Podlaska
52%
32 36 927 lubelskie Siedlce
52%
90 14 320 kieleckie Skarżysko-Kamienna
52%
30 38 088 łódzkie Tomaszów Mazowiecki
52%
94 13 954 warszawskie Ciechanów
50%
95 13 771 łódzkie Koło
50%
40 30 862 poznańskie Inowrocław
48%
75 19 055 krakowskie Jaworzno
47%
78 17 703 krakowskie Zakopane
47%
25 47 835 kieleckie Będzin
45%
77 17 791 śląskie Cieszyn
45%
55 23 451 warszawskie Kutno
45%
29 40 788 wołyńskie Równe
43%
50 25 081 warszawskie Żyrardów
43%
58 22 943 śląskie Mysłowice
41%
88 14 996 warszawskie Otwock
40%
57 22 980 łódzkie Radomsko
40%
41 30 682 stanisławowskie Stryj
40%
79 17 613 warszawskie Łowicz
38%
91 14 262 lwowskie Sanok
38%
37 32 713 kieleckie Zawiercie
38%
24 48 431 poleskie Brześć nad Bugiem
36%
84 15 773 śląskie Tarnowskie Góry
36%
39 31 913 poleskie Pińsk
34%
92 14 255 pomorskie Chojnice
33%
85 15 678 warszawskie Grodzisk Mazowiecki
33%
59 22 904 łódzkie Zduńska Wola
33%
76 17 833 krakowskie Chrzanów
31%
70 19 584 warszawskie Mława
31%
98 13 356 pomorskie Starogard
31%
67 21 035 kieleckie Czeladź
29%
97 13 359 lubelskie Hrubieszów
29%
64 22 330 lwowskie Jarosław
29%
60 22 893 nowogródzkie Baranowicze
28%
46 27 653 wołyńskie Kowel
28%
93 13 971 lubelskie Łuków
28%
38 32 622 lwowskie Drohobycz
24%
72 19 490 nowogródzkie Lida
22%
80 17 611 białostockie Ostrów Mazowiecka
22%
86 15 487 warszawskie Pułtusk
22%
52 24 609 wołyńskie Włodzimierz
22%
35 33 391 stanisławowskie Kołomyja
21%
13 80 734 śląskie Królewska Huta
19%
65 22 111 lwowskie Sambor
17%
28 41 683 lwowskie Borysław
14%
69 19 997 wołyńskie Krzemieniec
12%
83 16 284 nowogródzkie Słonim
12%
89 14 979 łódzkie Ozorków
9%
87 15 163 białostockie Wołkowysk
7%
100 13 265 tarnopolskie Złoczów
7%
82 16 837 lubelskie Międzyrzec
5%
99 13 265 wołyńskie Ostróg
3%
74 19 215 tarnopolskie Czortków
0%
Nie znaleziono quizów pasujących do podanych kryteriów
Rozkład punktacji
Procent ludzi z każdym wynikiem
Percentyl według liczby udzielonych odpowiedzi
Twoja historia wyników
Nie rozwiązałeś tego quizu